জ্ঞানঃ ইসলামী রূপায়ণ/ (Record no. 17929)
[ view plain ]
| 000 -LEADER | |
|---|---|
| fixed length control field | 00919nam a22001937a 4500 |
| 003 - CONTROL NUMBER IDENTIFIER | |
| control field | BDDh-ASL |
| 005 - DATE AND TIME OF LATEST TRANSACTION | |
| control field | 20231015025646.0 |
| 008 - FIXED-LENGTH DATA ELEMENTS--GENERAL INFORMATION | |
| fixed length control field | 200915b1995 ||||| |||| 00| 0 d |
| 040 ## - CATALOGING SOURCE | |
| Original cataloging agency | BDDh-ASL |
| Transcribing agency | BDDh-ASL |
| Modifying agency | BDDh-ASL |
| 041 ## - LANGUAGE CODE | |
| Language code of text/sound track or separate title | bengali |
| 082 ## - DEWEY DECIMAL CLASSIFICATION NUMBER | |
| Classification number | 297.09 |
| Item number | FAG |
| 100 1# - MAIN ENTRY--PERSONAL NAME | |
| 9 (RLIN) | 748 |
| Personal name | ফারুকী, ইসমাঈল রাজী আল |
| 245 1# - TITLE STATEMENT | |
| Title | জ্ঞানঃ ইসলামী রূপায়ণ/ |
| Statement of responsibility, etc. | ইসমাঈল রাজী আল ফারুকী; মুহাম্মাদ সানাউল্লাহ আখুঞ্জী, |
| 246 ## - VARYING FORM OF TITLE | |
| Title proper/short title | Gayan: Islami Rupayan. |
| 260 ## - PUBLICATION, DISTRIBUTION, ETC. | |
| Place of publication, distribution, etc. | ঢাকা: |
| Name of publisher, distributor, etc. | ইসলামিক ইনফরমেশন ব্যুরো, |
| Date of publication, distribution, etc. | ১৯৯৫। |
| 300 ## - PHYSICAL DESCRIPTION | |
| Extent | ৮০ পৃষ্ঠা: |
| Dimensions | ২২ সে. মি.। |
| 650 #0 - SUBJECT ADDED ENTRY--TOPICAL TERM | |
| 9 (RLIN) | 749 |
| Topical term or geographic name entry element | ইসলামী সমাজ ব্যবস্থা |
| General subdivision | ইসলাম ধর্ম |
| 942 ## - ADDED ENTRY ELEMENTS (KOHA) | |
| Source of classification or shelving scheme | Dewey Decimal Classification |
| Koha item type | Books |
| Withdrawn status | Lost status | Source of classification or shelving scheme | Damaged status | Not for loan | Collection code | Home library | Current library | Shelving location | Date acquired | Source of acquisition | Total Checkouts | Full call number | Barcode | Date last seen | Copy number | Price effective from | Koha item type |
|---|---|---|---|---|---|---|---|---|---|---|---|---|---|---|---|---|---|
| Dewey Decimal Classification | Non-fiction | Asiatic Society Library | Asiatic Society Library | General Stacks | 09/15/2020 | Complementary | 297.09 FAG | 101068 | 09/15/2020 | C-1 | 09/15/2020 | Books | |||||
| Dewey Decimal Classification | Non-fiction | Asiatic Society Library | Asiatic Society Library | General Stacks | 09/15/2020 | Complementary | 297.09 FAG | 101069 | 09/15/2020 | C-2 | 09/15/2020 | Books |